[Event "Accentus Turnier Biel"]
[Site "Biel SUI"]
[Date "2004.07.29"]
[EventDate "2004.07.29"]
[Round "10"]
[Result "0-1"]
[White "Eva Repkova"]
[Black "Elisabeth Paehtz"]
[WhiteElo "2411"]
[BlackElo "2396"]
[PlyCount "108"]

1. e4 c5 2. b3 b6 3. Bb2 Bb7 4. Nc3 e6 5. Nf3 a6 6. Be2 Qc7
7. O-O d6 8. d4 cxd4 9. Qxd4 Nf6 10. Rad1 Nbd7 11. Rfe1 Be7
12. a4 O-O 13. Bc4 Rfd8 14. Ng5 Nf8 15. Nh3 Ng6 16. Kh1 d5
17. exd5 Bc5 18. Qd2 exd5 19. Bd3 Ng4 20. f4 Nxf4 21. Nxf4
Nf2+ 22. Qxf2 Bxf2 23. Re2 Qxf4 24. Rf1 d4 25. Rexf2 Qxf2
26. Rxf2 dxc3 27. Bxc3 Be4 28. Rd2 Bxd3 29. cxd3 Rac8 30. Bb2
Rc5 31. d4 b5 32. h3 bxa4 33. bxa4 Ra5 34. Bc3 Rxa4 35. d5 f6
36. Rd1 Kf7 37. Be1 Rd7 38. Bg3 Ra5 39. d6 Ra3 40. Bf4 a5
41. Rd5 a4 42. h4 Rb3 43. Ra5 Rb4 44. g3 g6 45. Kg2 h6 46. Kh3
g5 47. hxg5 hxg5 48. Bc1 Ke6 49. Ba3 Rd4 50. Ra6 g4+ 51. Kg2
Rd2+ 52. Kf1 Rb7 53. Ke1 Ra2 54. Bc1 Rb1 0-1

[Event "6th Lausanne Young Masters"]
[Site "Lausanne SUI"]
[Date "2005.09.19"]
[EventDate "2005.09.14"]
[Round "3.2"]
[Result "1/2-1/2"]
[White "Elisabeth Paehtz"]
[Black "Nana Dzagnidze"]
[WhiteElo "2421"]
[BlackElo "2438"]
[PlyCount "116"]

1. e4 c5 2. Nf3 d6 3. d4 cxd4 4. Nxd4 Nf6 5. Nc3 a6 6. Bg5 e6
7. f4 Qb6 8. Qd2 Nc6 9. Bxf6 gxf6 10. Nb3 Bd7 11. Be2 h5
12. O-O-O O-O-O 13. Rhf1 Na5 14. Kb1 Nxb3 15. axb3 Be7 16. Qd3
Kb8 17. Qh3 Qc5 18. f5 h4 19. Rf4 Rc8 20. Rxh4 Rxh4 21. Qxh4
exf5 22. Bd3 fxe4 23. Bxe4 Be6 24. Bf3 Rc7 25. Qe1 f5 26. Bd5
Bf6 27. Bxe6 Bxc3 28. bxc3 Re7 29. Qd2 fxe6 30. Qxd6+ Qxd6
31. Rxd6 Rh7 32. Rxe6 Rxh2 33. Rg6 Rh1+ 34. Kb2 f4 35. c4 Rf1
36. Rg7 f3 37. gxf3 Rxf3 38. Ka3 Rc3 39. Rg2 Kc7 40. Kb4 Rh3
41. Rg5 Rh2 42. c3 Rh3 43. Rg7+ Kc6 44. Rg6+ Kc7 45. c5 Rh4+
46. c4 Rh5 47. Rd6 Rg5 48. Rd5 Rg3 49. Ka4 Rg4 50. Rd6 Rh4
51. Ka3 Rg4 52. Kb2 Rg5 53. Rd5 Rg4 54. Kc3 a5 55. Rd6 Rg3+
56. Kb2 Rg5 57. Rd5 Rg2+ 58. Ka3 Kc6 1/2-1/2

[Event "3rd Elizabet Bykova memorial"]
[Site "Vladimir"]
[Date "2005.12.07"]
[EventDate "?"]
[Round "1"]
[Result "1-0"]
[White "Elisabeth Paehtz"]
[Black "Olga Zimina"]
[WhiteElo "2408"]
[BlackElo "2397"]
[PlyCount "57"]

1. e4 c6 2. d4 d5 3. Nc3 dxe4 4. Nxe4 Bf5 5. Ng3 Bg6 6. h4 h6
7. Nf3 Nd7 8. h5 Bh7 9. Bd3 Bxd3 10. Qxd3 e6 11. Bf4 Qa5+
12. Bd2 Qc7 13. O-O-O Ngf6 14. Qe2 c5 15. Rh4 Rc8 16. Bf4 Qc6
17. Ne5 Nxe5 18. dxe5 Nd5 19. c4 Ne7 20. Rhh1 Qa4 21. Qd3 Nd5
22. cxd5 Qxf4+ 23. Kb1 c4 24. Qc2 Bc5 25. Qa4+ Ke7 26. dxe6
Rhd8 27. Rd7+ Kxe6 28. Rhd1 Be7 29. Qb5 1-0

[Event "3rd Elizabet Bykova memorial"]
[Site "Vladimir"]
[Date "2005.12.08"]
[EventDate "?"]
[Round "2"]
[Result "1/2-1/2"]
[White "Elisabeth Paehtz"]
[Black "Maria Kursova"]
[WhiteElo "2408"]
[BlackElo "2312"]
[PlyCount "92"]

1. e4 c5 2. Nf3 e6 3. d4 cxd4 4. Nxd4 Nc6 5. Nc3 Qc7 6. Be3 a6
7. Be2 Nf6 8. O-O d6 9. f4 Be7 10. Qe1 O-O 11. Qg3 Bd7
12. Rad1 Kh8 13. a3 Rae8 14. Nf3 Nh5 15. Qf2 Nf6 16. Bb6 Qb8
17. h3 Bc8 18. Be3 b5 19. Ne1 Nd7 20. Nd3 Bf6 21. Nb1 Bd8
22. Bf3 e5 23. f5 Bb6 24. Kh1 f6 25. Nc3 Bxe3 26. Qxe3 Nb6
27. Qf2 Rd8 28. g4 Qc7 29. Rg1 Bb7 30. g5 Nd4 31. Nf4 fxg5
32. Rxg5 Nxf3 33. Ne6 Qc4 34. Qxf3 Qxe6 35. fxe6 Rxf3 36. e7
Re8 37. Rxd6 Na8 38. Rd8 Bc6 39. Rxe5 Kg8 40. Rc5 Rxc3
41. Rxc3 Bxe4+ 42. Kh2 Kf7 43. Rcc8 Rxe7 44. Rf8+ Kg6 45. Rxa8
Bxa8 46. Rxa8 Re6 1/2-1/2

[Event "3rd Elizabet Bykova memorial"]
[Site "Vladimir"]
[Date "2005.12.09"]
[EventDate "?"]
[Round "3"]
[Result "1/2-1/2"]
[White "Anna Burtasova"]
[Black "Elisabeth Paehtz"]
[WhiteElo "2260"]
[BlackElo "2408"]
[PlyCount "99"]

1. e4 g6 2. d4 Bg7 3. Nc3 d6 4. f4 Nf6 5. Nf3 O-O 6. Bd3 Na6
7. O-O c5 8. d5 Nc7 9. f5 b5 10. Nxb5 c4 11. Bxc4 Nxb5
12. Bxb5 Qb6+ 13. Nd4 Nd7 14. f6 Nxf6 15. Bc6 Rb8 16. Kh1 Nxe4
17. c3 Nf6 18. a4 e5 19. Nb5 Bb7 20. a5 Qd8 21. Nxa7 Ba6
22. Re1 Qc7 23. Be3 Rxb2 24. Bb6 Rxb6 25. axb6 Qxb6 26. Qa4
Qxa7 27. Qxa6 Qc5 28. Qa3 Qxa3 29. Rxa3 Ng4 30. Kg1 f5 31. h3
Nf6 32. c4 Ne4 33. Ra7 Nc5 34. Bd7 Rf7 35. Ra8+ Rf8 36. Rxf8+
Kxf8 37. Bb5 e4 38. Re2 Bd4+ 39. Kf1 f4 40. Ra2 h5 41. Ba4 Ke7
42. Bd1 Kf6 43. Ra8 Kg5 44. Rf8 Be5 45. Ra8 Kf5 46. Rf8+ Kg5
47. Rg8 Kf6 48. Rf8+ Kg7 49. Rc8 Kf6 50. Rf8+ 1/2-1/2

[Event "3rd Elizabet Bykova memorial"]
[Site "Vladimir"]
[Date "2005.12.10"]
[EventDate "?"]
[Round "4"]
[Result "1-0"]
[White "Elisabeth Paehtz"]
[Black "Tatiana Shadrina"]
[WhiteElo "2408"]
[BlackElo "2386"]
[PlyCount "61"]

1. e4 c5 2. Nf3 e6 3. d4 cxd4 4. Nxd4 Nf6 5. Nc3 d6 6. Bc4 Be7
7. Bb3 Nc6 8. Be3 O-O 9. Qd2 Nd7 10. f4 Nxd4 11. Bxd4 Nc5
12. O-O Nxb3 13. axb3 a6 14. Qe3 Bd7 15. Rad1 Bc6 16. Qg3 g6
17. f5 Re8 18. fxe6 fxe6 19. Qh3 Bh4 20. Rf4 e5 21. Rxh4 Bd7
22. g4 exd4 23. Rxh7 dxc3 24. Rxd6 Be6 25. Rh8+ Kf7 26. Qh7+
Kf6 27. Qh4+ g5 28. Rh6+ Kg7 29. Rh7+ Kf6 30. Qf2+ Ke5
31. Qd4+ 1-0

[Event "3rd Elizabet Bykova memorial"]
[Site "Vladimir"]
[Date "2005.12.12"]
[EventDate "?"]
[Round "6"]
[Result "1-0"]
[White "Elisabeth Paehtz"]
[Black "Svetlana Petrenko"]
[WhiteElo "2408"]
[BlackElo "2327"]
[PlyCount "61"]

1. e4 c5 2. Nf3 e6 3. d4 cxd4 4. Nxd4 Nf6 5. Nc3 Nc6 6. a3 a6
7. Be2 Qc7 8. Be3 b5 9. Nxc6 dxc6 10. f4 Bb7 11. O-O c5 12. e5
Ne4 13. Nxe4 Bxe4 14. c4 Qb7 15. Rf2 Be7 16. Qb3 Rb8 17. cxb5
axb5 18. a4 bxa4 19. Qxb7 Bxb7 20. Bb5+ Kf8 21. Rxa4 h5
22. Bc4 g6 23. Rd2 Bd5 24. Bxd5 exd5 25. Rxd5 Rxb2 26. Rd7 Re2
27. Bf2 c4 28. Ra8+ Kg7 29. Rxh8 Kxh8 30. Rxe7 c3 31. Rc7 1-0

[Event "3rd Elizabet Bykova memorial"]
[Site "Vladimir"]
[Date "2005.12.13"]
[EventDate "?"]
[Round "7"]
[Result "1/2-1/2"]
[White "Irina Sudakova"]
[Black "Elisabeth Paehtz"]
[WhiteElo "2366"]
[BlackElo "2408"]
[PlyCount "21"]

1. e4 c5 2. Nc3 e6 3. f4 Nc6 4. Nf3 a6 5. g3 d6 6. Bg2 Nf6
7. d3 Be7 8. O-O Qc7 9. h3 b5 10. Be3 Bb7 11. Ne2 1/2-1/2

[Event "3rd Elizabet Bykova memorial"]
[Site "Vladimir"]
[Date "2005.12.15"]
[EventDate "?"]
[Round "8"]
[Result "1/2-1/2"]
[White "Elisabeth Paehtz"]
[Black "Firuza Velikhanli"]
[WhiteElo "2408"]
[BlackElo "2319"]
[PlyCount "59"]

1. Nc3 e5 2. Nf3 Nc6 3. e4 Nf6 4. d4 exd4 5. Nxd4 Bb4 6. Nxc6
dxc6 7. Bd3 O-O 8. O-O Ng4 9. Bf4 Bd6 10. e5 Bxe5 11. Bxe5
Nxe5 12. Bxh7+ Kxh7 13. Qh5+ Kg8 14. Qxe5 Qd6 15. Rfe1 Qxe5
16. Rxe5 Be6 17. f4 Rfe8 18. Rae1 Kf8 19. Kf2 Bd7 20. Nd1 Rxe5
21. Rxe5 Rd8 22. Ne3 f6 23. Rh5 Be8 24. Ra5 a6 25. Ke2 Rd4
26. g3 Rd8 27. f5 Ra8 28. Ra4 c5 29. Rh4 Rd8 30. Rf4 1/2-1/2

[Event "3rd Elizabet Bykova memorial"]
[Site "Vladimir"]
[Date "2005.12.17"]
[EventDate "?"]
[Round "10"]
[Result "1/2-1/2"]
[White "Elisabeth Paehtz"]
[Black "Tatiana Kononenko"]
[WhiteElo "2408"]
[BlackElo "2423"]
[PlyCount "67"]

1. e4 e6 2. d4 d5 3. Nc3 Bb4 4. e5 Ne7 5. a3 Bxc3+ 6. bxc3 c5
7. h4 Qc7 8. Nf3 b6 9. Bb5+ Bd7 10. Bd3 Ba4 11. Ra2 c4 12. Be2
Nbc6 13. h5 h6 14. Bf4 O-O-O 15. Qd2 Rdg8 16. Nh2 Qd8 17. Bg4
Nf5 18. Nf1 Nce7 19. Be2 g5 20. Bh2 Nc6 21. Ne3 Nxe3 22. Qxe3
Ne7 23. g4 Nc6 24. f4 gxf4 25. Bxf4 f6 26. exf6 Qxf6 27. Rf1
Re8 28. g5 hxg5 29. Bxg5 Qg7 30. Bf6 Qh6 31. Qxh6 Rxh6 32. Bg7
Rh7 33. h6 Rd8 34. Kd2 1/2-1/2

[Event "3rd Elizabet Bykova memorial"]
[Site "Vladimir"]
[Date "2005.12.18"]
[EventDate "?"]
[Round "11"]
[Result "0-1"]
[White "Sandugach Shaydullina"]
[Black "Elisabeth Paehtz"]
[WhiteElo "2331"]
[BlackElo "2408"]
[PlyCount "192"]

1. d4 Nf6 2. c4 d6 3. Nf3 g6 4. g3 Bg7 5. Bg2 O-O 6. O-O Nc6
7. Nc3 a6 8. h3 Rb8 9. Be3 e6 10. Rc1 Ne7 11. Bg5 h6 12. Bd2
b5 13. cxb5 axb5 14. b4 Bb7 15. Qc2 Ned5 16. Nxd5 Bxd5
17. Qxc7 Bxa2 18. Rc6 Qxc7 19. Rxc7 Bc4 20. Re1 Ne4 21. Be3
Nc3 22. Kh2 Nd5 23. Rd7 Nxb4 24. Bf4 Nc2 25. Rc1 Nxd4 26. Nxd4
Bxd4 27. Rxd6 Bg7 28. Ra6 e5 29. Be3 Bxe2 30. Bd5 Bd3 31. Rd1
Bc4 32. Bb6 Rfe8 33. Bc7 Rbc8 34. Bxc4 bxc4 35. Rc6 Re7
36. Rd8+ Rxd8 37. Bxd8 Rd7 38. Rc8 Kh7 39. Ba5 Rd4 40. Rc7 Rd5
41. Bc3 Rd3 42. Rxc4 Rd7 43. Kg2 Re7 44. g4 f5 45. gxf5 gxf5
46. Rc6 e4 47. Bd2 Rf7 48. Bf4 Bf6 49. h4 Rg7+ 50. Kf1 Rg4
51. Bxh6 Bxh4 52. Bd2 f4 53. Re6 f3 54. Be3 Kg7 55. Re5 Bf6
56. Rh5 Kg6 57. Rh6+ Kf5 58. Rh5+ Bg5 59. Bd4 Kg6 60. Rh8 Kf7
61. Rh7+ Ke6 62. Rg7 Rg2 63. Rh7 Kd5 64. Rd7+ Ke6 65. Rh7 Bf4
66. Rg7 Rh2 67. Kg1 Rh5 68. Rg4 Bh2+ 69. Kf1 Kd5 70. Bf6 Be5
71. Rh4 Rf5 72. Bxe5 Kxe5 73. Rh8 Kd4 74. Ra8 Rc5 75. Rd8+ Rd5
76. Re8 Kd3 77. Ke1 Rh5 78. Rd8+ Kc3 79. Rc8+ Kd4 80. Kd2 Rh1
81. Rd8+ Ke5 82. Re8+ Kf4 83. Rf8+ Kg4 84. Re8 Kh3 85. Rxe4
Kg2 86. Rg4+ Kxf2 87. Rg8 Re1 88. Rf8 Re6 89. Kd3 Re7 90. Rf6
Kg2 91. Rg6+ Kf1 92. Kd2 Re5 93. Ra6 Re8 94. Rg6 f2 95. Rd6
Rg8 96. Ke3 Kg1 0-1

[Event "FIDE Women's World Championship"]
[Site "Ekaterinburg RUS"]
[Date "2006.03.12"]
[EventDate "2006.03.11"]
[Round "1.2"]
[Result "1-0"]
[White "Zhaoqin Peng"]
[Black "Elisabeth Paehtz"]
[WhiteElo "2407"]
[BlackElo "2422"]
[PlyCount "69"]

1. c4 Nf6 2. Nc3 e6 3. e4 c5 4. e5 Ng8 5. Nf3 Nc6 6. d4 cxd4
7. Nxd4 Qa5 8. Ndb5 a6 9. Nd6+ Bxd6 10. exd6 Nf6 11. Be2 Ne4
12. O-O Nxc3 13. bxc3 b5 14. Qd3 O-O 15. Be3 bxc4 16. Qxc4 Qe5
17. Rab1 a5 18. Qc5 Ba6 19. Bxa6 Rxa6 20. Rb7 Rd8 21. Rfb1 f6
22. Qc4 Raa8 23. Bf4 Qh5 24. h3 Kf8 25. a4 Rac8 26. Qb5 Qe8
27. Be3 Rb8 28. Qa6 Rxb7 29. Rxb7 Rb8 30. Rc7 Ra8 31. Qd3 Kg8
32. Bb6 Ne5 33. Qe4 Nc6 34. c4 Rc8 35. Qxc6 1-0

[Event "Russian Club Championship: Women"]
[Site "Sochi RUS"]
[Date "2006.04.21"]
[EventDate "2006.04.20"]
[Round "2"]
[Result "1-0"]
[White "Elisabeth Paehtz"]
[Black "Irina Semenova"]
[WhiteElo "2438"]
[BlackElo "2240"]
[PlyCount "77"]

1. e4 e5 2. Nf3 Nc6 3. Bc4 Nf6 4. d3 h6 5. Bb3 d6 6. c3 g6
7. Nbd2 Bg7 8. Nf1 O-O 9. Ng3 Qe7 10. O-O Bd7 11. Re1 Kh8
12. h3 Ng8 13. d4 Rae8 14. Bc2 a6 15. b3 Qd8 16. Bb2 Qc8
17. Qd2 Rd8 18. Rad1 Nce7 19. c4 f6 20. Qe3 h5 21. c5 Rf7
22. Ba3 exd4 23. Nxd4 dxc5 24. Bxc5 b6 25. Ba3 c5 26. Nf3 Nc6
27. e5 Bh6 28. Qe2 Re7 29. Bb2 Be8 30. Rxd8 Nxd8 31. Ne4 f5
32. Nd6 Qa8 33. Nxe8 Rxe8 34. e6+ Bg7 35. Bxf5 gxf5 36. Ng5
Nf6 37. Bxf6 Bxf6 38. Qxh5+ Kg7 39. Qxe8 1-0

[Event "Russian Club Championship: Women"]
[Site "Sochi RUS"]
[Date "2006.04.23"]
[EventDate "2006.04.20"]
[Round "4"]
[Result "1-0"]
[White "Elisabeth Paehtz"]
[Black "Irina Vasilevich"]
[WhiteElo "2438"]
[BlackElo "2345"]
[PlyCount "91"]

1. e4 c5 2. Nf3 e6 3. c3 d5 4. exd5 Qxd5 5. d4 Nf6 6. Na3 Nc6
7. Be3 cxd4 8. Nb5 Qd8 9. Nbxd4 Nxd4 10. Bxd4 Be7 11. Bd3 O-O
12. Qc2 h6 13. O-O Bd7 14. Rad1 Qc8 15. Rfe1 Rd8 16. Qe2 Be8
17. Bb1 b6 18. h3 Qb7 19. Nh4 Kf8 20. Bd3 Nd5 21. Nf3 Bf6
22. Qe4 Bc6 23. Qh7 Ke7 24. Qf5 Kf8 25. Qg4 Bxd4 26. Nxd4 Nf6
27. Qg3 Bd5 28. a3 Qb8 29. Qh4 Qb7 30. Re3 Rac8 31. Rde1 Qc7
32. Ba6 Ra8 33. Rg3 Bb7 34. Bxb7 Qxb7 35. Rf3 Rd5 36. Rxf6
gxf6 37. Qxf6 Kg8 38. Qxh6 Qe7 39. Re3 Rg5 40. Nc6 Qc5 41. b4
Qxc6 42. Qxg5+ Kf8 43. Qf6 Rc8 44. Rf3 Qd7 45. Rf4 Qd1+
46. Kh2 1-0

[Event "Russian Club Championship: Women"]
[Site "Sochi RUS"]
[Date "2006.04.24"]
[EventDate "2006.04.20"]
[Round "5"]
[Result "1/2-1/2"]
[White "Viktorija Cmilyte"]
[Black "Elisabeth Paehtz"]
[WhiteElo "2470"]
[BlackElo "2438"]
[PlyCount "145"]

1. d4 Nf6 2. c4 e6 3. Nf3 Bb4+ 4. Nbd2 b6 5. a3 Bxd2+ 6. Qxd2
Bb7 7. e3 d6 8. Be2 Nbd7 9. b4 O-O 10. O-O Ne4 11. Qc2 f5
12. Bb2 Qe8 13. Rad1 a5 14. Ne1 axb4 15. axb4 Bc6 16. b5 Bb7
17. f3 Nef6 18. Nd3 Qe7 19. Nb4 Nh5 20. Nc6 Bxc6 21. bxc6 Nb8
22. g4 Nf6 23. g5 Ne8 24. f4 h6 25. gxh6 g6 26. Bf3 Nf6
27. Kh1 Kh7 28. Rg1 Qf7 29. Rg5 d5 30. cxd5 Nxd5 31. Rdg1 Rg8
32. h4 Nxe3 33. Qc3 Ng4 34. Bxg4 fxg4 35. R1xg4 Ra5 36. Rxa5
bxa5 37. Qc5 Qf5 38. Qe7+ Kxh6 39. Qg5+ Kh7 40. h5 Qxg5
41. Rxg5 gxh5 42. Rxh5+ Kg6 43. Re5 Kf7 44. Rxa5 Nxc6 45. Rc5
Rb8 46. Bc3 Rb6 47. Kg2 Ne7 48. Rxc7 Rc6 49. Rxc6 Nxc6 50. Kf3
Ne7 51. Ke4 Nd5 52. Be1 Nf6+ 53. Kf3 Nd5 54. Ke4 Nf6+ 55. Kf3
Nd5 56. Bh4 Nc3 57. Ke3 Nb5 58. Bd8 Ke8 59. Bf6 Kf7 60. Be5
Nc3 61. Kf3 Kg6 62. Kg4 Nd5 63. Bh8 Ne7 64. Be5 Nd5 65. Bd6
Nf6+ 66. Kf3 Kf5 67. Be5 Nd5 68. Bb8 Nf6 69. Be5 Nd5 70. Bb8
Nf6 71. Be5 Nd5 72. Bb8 Nf6 73. Be5 1/2-1/2

[Event "Russian Club Championship: Women"]
[Site "Sochi RUS"]
[Date "2006.04.25"]
[EventDate "2006.04.20"]
[Round "6"]
[Result "1-0"]
[White "Elisabeth Paehtz"]
[Black "Valentina Solovjova"]
[WhiteElo "2438"]
[BlackElo "2265"]
[PlyCount "89"]

1. e4 c6 2. c4 d5 3. exd5 cxd5 4. d4 Nf6 5. Nc3 g6 6. Qb3 Bg7
7. cxd5 O-O 8. Nge2 Nbd7 9. Nf4 Nb6 10. a4 Bf5 11. a5 Nc8
12. Be2 Nd6 13. O-O Qd7 14. Nd3 Bxd3 15. Bxd3 Qg4 16. Be3 Nh5
17. Be2 Qh4 18. g3 Qh3 19. Bf3 Nf6 20. Bg2 Qg4 21. Bf4 Nfe8
22. Be5 h5 23. Rfe1 h4 24. Na4 h3 25. Bf1 Nf5 26. Qd1 Qxd1
27. Raxd1 Bh6 28. g4 Nh4 29. Rd3 Nf6 30. Bxf6 exf6 31. Rxh3 g5
32. Nc3 Rfd8 33. Re7 Bf8 34. Rxb7 Ng6 35. Re3 Nf4 36. Bc4 Kg7
37. d6 Rxd6 38. Re4 Rad8 39. Rxf7+ Kg6 40. Rxa7 Rxd4 41. Rxd4
Rxd4 42. Ba2 Rd2 43. Bb1+ f5 44. Bxf5+ Kf6 45. Ne4+ 1-0

[Event "Russian Club Championship: Women"]
[Site "Sochi RUS"]
[Date "2006.04.26"]
[EventDate "2006.04.20"]
[Round "7"]
[Result "1/2-1/2"]
[White "Evgenija Ovod"]
[Black "Elisabeth Paehtz"]
[WhiteElo "2395"]
[BlackElo "2438"]
[PlyCount "76"]

1. d4 e6 2. c4 Bb4+ 3. Bd2 c5 4. Bxb4 cxb4 5. a3 Qe7 6. Qd2
Nf6 7. Qxb4 Qxb4+ 8. axb4 Nc6 9. e3 Nxb4 10. Na3 b6 11. f3 Ke7
12. Kd2 a5 13. Ne2 Ba6 14. Nc3 d6 15. Be2 Rac8 16. Rhc1 Nd7
17. b3 Bb7 18. Nc2 Nxc2 19. Rxc2 f5 20. Rb2 Ba6 21. Bd3 Rhf8
22. c5 Bxd3 23. cxd6+ Kxd6 24. Kxd3 Rfd8 25. e4 fxe4+ 26. fxe4
Ke7 27. Nb5 Ne5+ 28. Ke3 Nc6 29. Rc1 Nb4 30. Rc4 Rf8 31. Na7
Rxc4 32. bxc4 e5 33. dxe5 Ke6 34. Rd2 Kxe5 35. Rd7 Nc2+
36. Kd3 Nb4+ 37. Ke3 Nc2+ 38. Kd3 Nb4+ 1/2-1/2

[Event "Russian Club Championship: Women"]
[Site "Sochi RUS"]
[Date "2006.04.27"]
[EventDate "2006.04.20"]
[Round "8"]
[Result "1/2-1/2"]
[White "Elisabeth Paehtz"]
[Black "Almira Skripchenko"]
[WhiteElo "2438"]
[BlackElo "2423"]
[PlyCount "46"]

1. e4 e5 2. Nf3 Nc6 3. Bc4 Nf6 4. d3 Be7 5. Nc3 d6 6. a3 O-O
7. h3 a6 8. O-O h6 9. Re1 Re8 10. Ne2 Bf8 11. Ng3 Be6 12. Bxe6
Rxe6 13. c4 g6 14. Be3 Bg7 15. Qd2 Kh7 16. Rad1 Qd7 17. Nh2
Ng8 18. f4 exf4 19. Bxf4 Nd4 20. Be3 Rf8 21. Rf1 Ne7 22. Nf3
Nec6 23. Kh1 f5 1/2-1/2

[Event "European Individual Championships (Women)"]
[Site "Dresden GER"]
[Date "2007.04.11"]
[EventDate "2007.04.03"]
[Round "8"]
[Result "0-1"]
[White "Elisabeth Paehtz"]
[Black "Tatjana Vasilevich"]
[WhiteElo "2442"]
[BlackElo "2383"]
[PlyCount "122"]

1. e4 c5 2. Nf3 e6 3. c3 d5 4. exd5 exd5 5. d4 Nc6 6. Bb5 Bd6
7. dxc5 Bxc5 8. O-O Nge7 9. Nbd2 O-O 10. Nb3 Bb6 11. Re1 Bg4
12. Be3 Bxe3 13. Rxe3 Qd6 14. Bd3 f5 15. Be2 f4 16. Rd3 Rad8
17. Nbd4 Nf5 18. Nb5 Qc5 19. Nc7 Qd6 20. Nxd5 Bxf3 21. gxf3
Ne5 22. Rd2 Kh8 23. c4 Nh4 24. Kh1 Rd7 25. Qb3 Qh6 26. Qa3
Rdf7 27. Rg1 Qh5 28. Qc3 Re8 29. Rd4 Nhg6 30. Re4 Rf5 31. Qb3
b6 32. Nc7 Re7 33. Nb5 Rg5 34. Rxg5 Qxg5 35. Qd1 Rd7 36. Rd4
Nh4 37. Qf1 Rf7 38. Qh3 h6 39. Rd5 Qe7 40. Nd6 Rf8 41. Ne4
Nhg6 42. a3 Re8 43. Qh5 Rc8 44. b4 Re8 45. Nd6 Rf8 46. c5 bxc5
47. bxc5 Qe6 48. Rd1 Qa2 49. Bf1 Qc2 50. Ra1 Qxf2 51. Ne4 Qb2
52. Rd1 Qxa3 53. c6 Qa4 54. Rd6 Qa1 55. Kg2 Qb2+ 56. Kh3 Qc1
57. Ba6 Qa3 58. Kg2 Qxa6 59. Rxg6 Qe2+ 60. Nf2 Nxg6 61. Qxg6
Rf6 0-1

[Event "Women's World Team Championship"]
[Site "Ekaterinburg RUS"]
[Date "2007.05.21"]
[EventDate "?"]
[Round "2"]
[Result "1/2-1/2"]
[White "Elisabeth Paehtz"]
[Black "Monika (Bobrowska) Socko"]
[WhiteElo "2438"]
[BlackElo "2481"]
[PlyCount "66"]

1. e4 e6 2. d4 d5 3. Nc3 Nf6 4. Bg5 Bb4 5. e5 h6 6. Be3 Ne4
7. Qg4 g6 8. a3 Bxc3+ 9. bxc3 c5 10. Bd3 Nxc3 11. dxc5 Nc6
12. Nf3 d4 13. Bxd4 Nxd4 14. Qxd4 Qxd4 15. Nxd4 Bd7 16. a4 Rc8
17. Kd2 Rxc5 18. Nb5 Bxb5 19. axb5 O-O 20. Rxa7 Rd8 21. Rxb7
Nxb5 22. f4 Nd4 23. Rhb1 Kg7 24. R1b2 g5 25. g3 Nf3+ 26. Ke2
Nd4+ 27. Kd2 Nf3+ 28. Ke2 Nd4+ 29. Ke3 Rc3 30. Kd2 Rc5 31. Re7
Rdc8 32. Rbb7 Nxc2 33. Rxe6 Rf8 1/2-1/2

[Event "Women's World Team Championship"]
[Site "Ekaterinburg RUS"]
[Date "2007.05.24"]
[EventDate "2007.05.20"]
[Round "5"]
[Result "1/2-1/2"]
[White "Elina Danielian"]
[Black "Elisabeth Paehtz"]
[WhiteElo "2424"]
[BlackElo "2442"]
[PlyCount "32"]

1. d4 d5 2. c4 c6 3. Nc3 Nf6 4. e3 a6 5. Qc2 g6 6. Bd3 Bg7
7. Nf3 O-O 8. O-O Nbd7 9. cxd5 cxd5 10. a4 Re8 11. Rd1 e5
12. dxe5 Nxe5 13. Be2 Qc7 14. Qb3 Be6 15. Nd4 Rad8 16. Bd2 Nc6
1/2-1/2

[Event "Women's World Team Championship"]
[Site "Ekaterinburg RUS"]
[Date "2007.05.28"]
[EventDate "2007.05.20"]
[Round "8"]
[Result "0-1"]
[White "Thanh Tu Le"]
[Black "Elisabeth Paehtz"]
[WhiteElo "2306"]
[BlackElo "2442"]
[PlyCount "74"]

1. d4 e6 2. g3 c5 3. Nf3 cxd4 4. Nxd4 Nf6 5. Bg2 d5 6. O-O Nc6
7. c4 Bc5 8. Nf3 O-O 9. cxd5 exd5 10. a3 Ne4 11. b4 Qf6
12. Ra2 Bb6 13. Bb2 Qh6 14. Nbd2 Bg4 15. Ba1 Rfe8 16. Rc2 Rad8
17. b5 Na5 18. Bd4 Nc4 19. Bxb6 Qxb6 20. Nxc4 dxc4 21. Qc1 c3
22. Qf4 Bh5 23. Ng5 Nd2 24. Re1 Rd4 25. e4 h6 26. Nh3 Rd3
27. a4 g5 28. Qf5 Bg6 29. Qg4 f5 30. Qe2 fxe4 31. Rec1 Nf3+
32. Kh1 Nd4 33. Qe1 Nxc2 34. Rxc2 Qd4 35. Ng1 Bh5 36. Rc1 Rd2
37. h3 c2 0-1

[Event "Women's World Team Championship"]
[Site "Ekaterinburg RUS"]
[Date "2007.05.29"]
[EventDate "2007.05.20"]
[Round "9"]
[Result "1/2-1/2"]
[White "Elisabeth Paehtz"]
[Black "Zhao Xue"]
[WhiteElo "2442"]
[BlackElo "2467"]
[PlyCount "62"]

1. e4 e5 2. Nf3 Nc6 3. Nc3 Nf6 4. d4 exd4 5. Nxd4 Bb4 6. Nxc6
bxc6 7. Bd3 d5 8. exd5 cxd5 9. O-O O-O 10. Bg5 c6 11. Na4 h6
12. Bh4 Bd6 13. c4 Bg4 14. Qc2 Be6 15. Kh1 Rb8 16. a3 a5
17. Rad1 Re8 18. Rfe1 g5 19. Bg3 Kg7 20. cxd5 cxd5 21. Nc3
Bxg3 22. hxg3 Qb6 23. Na4 Qa7 24. Nc5 Qb6 25. b4 axb4 26. axb4
Bd7 27. Rxe8 Rxe8 28. Qc3 Bb5 29. Bf5 Kg8 30. Qd4 Bc4 31. Qc3
Bb5 1/2-1/2

[Event "European Team Chess Championships (Women)"]
[Site "Crete GRE"]
[Date "2007.10.28"]
[EventDate "2007.10.28"]
[Round "1"]
[Result "1/2-1/2"]
[White "Elisabeth Paehtz"]
[Black "Valentina Golubenko"]
[WhiteElo "2452"]
[BlackElo "2316"]
[PlyCount "188"]

1. e4 d5 2. exd5 Nf6 3. Nf3 Nxd5 4. d4 g6 5. c4 Nb6 6. c5 Nd5
7. Qb3 Bg7 8. Bc4 c6 9. Nc3 O-O 10. a4 Nxc3 11. bxc3 b6
12. cxb6 axb6 13. Ng5 e6 14. Rb1 c5 15. O-O cxd4 16. cxd4 Nc6
17. Qf3 Bd7 18. Qh3 h6 19. Nxe6 Qc8 20. d5 Nd4 21. Qd3 fxe6
22. Ba3 Rf5 23. Rfc1 Qd8 24. Qe4 Qg5 25. h4 Qd2 26. Rf1 Qf4
27. Qxf4 Rxf4 28. dxe6 Bxe6 29. Bxe6+ Nxe6 30. Rxb6 Nd4 31. g3
Rf6 32. Rb7 Rxa4 33. Bb2 Rf7 34. Rb8+ Kh7 35. Kg2 Ra2 36. Ra1
Rxa1 37. Bxa1 Nc6 38. Rb1 Bxa1 39. Rxa1 Ne5 40. Re1 Ng4
41. Re2 Kg7 42. Kg1 Rf5 43. Kg2 Ne5 44. Ra2 h5 45. Ra7+ Rf7
46. Ra2 Nd3 47. Rd2 Ne1+ 48. Kf1 Nf3 49. Rd3 Ne5 50. Re3 Ng4
51. Re2 Kf6 52. Kg2 Re7 53. Ra2 Re6 54. Rb2 Ke7 55. Rd2 Rd6
56. Re2+ Kd7 57. Rc2 Ke6 58. Kf3 Ke5 59. Re2+ Kf5 60. Ra2 Rf6
61. Kg2 Ke5 62. Rb2 Kd4 63. Ra2 Kd3 64. Ra3+ Ke2 65. Ra2+ Kd1
66. Ra1+ Kc2 67. Ra2+ Kb3 68. Re2 Kc3 69. Ra2 Ne5 70. Ra3+ Kc2
71. Ra2+ Kb3 72. Re2 Nd3 73. Rd2 Ne1+ 74. Kf1 Nf3 75. Rd8 Kc2
76. Ke2 Ng1+ 77. Kf1 Nf3 78. Ke2 Ne5 79. Rc8+ Kb3 80. Rb8+ Kc3
81. Rc8+ Kd4 82. Rd8+ Ke4 83. Re8 Kf5 84. Kf1 Nd3 85. Re3 Ne5
86. Kg2 Rd6 87. Re2 Nd3 88. Re3 Rd4 89. Rf3+ Ke5 90. Re3+ Kd5
91. Re8 Ne5 92. Rd8+ Kc4 93. Re8 Nd3 94. Rc8+ Kd5 1/2-1/2